| 000 | 01126cam a2200229 a 4500 | ||
|---|---|---|---|
| 020 | _a0861636821 | ||
| 082 | 0 | 0 |
_a808.068 _bKNO |
| 100 | 1 |
_aBlyton, Enid. _911689 |
|
| 240 | _aThe famous five | ||
| 245 | 1 | 4 | _aFive go off to Camp |
| 260 |
_aGeneva : _bEdito-Service, |
||
| 300 |
_aP156. _bill. ; _c19 cm. |
||
| 490 | 0 | _aHeron books | |
| 500 | _aThe famous five and the stately homes gang by Claude Voilier. | ||
| 505 | 0 | _a[1] Five on a treasure island. Five go adventuring again [2] Five run away together. Five go to Smuggler's Top [3] Five go off in a caravan. Five on Kirrin Island again [4] Five go off to camp. Five get into trouble [5] Five have a wonderful time. Five go down to the sea [6] Five go to Mystery Moor. Five have plenty of fun [7] Five go to Demon's Rocks. Five have a mystery to solve [8] Five are together again. The famous five and the stately homes gang. | |
| 526 |
_a0 _b0 _c0 _d808_068000000000000_KNO |
||
| 650 | 0 |
_aChildren's stories, English. _911694 |
|
| 650 | 1 |
_aAdventure and adventurers _xFiction. _911666 |
|
| 650 | 1 |
_aMCE _9379 |
|
| 700 | 1 | 2 |
_aVoilier, Glaude. _946903 |
| 942 |
_2ddc _cBK |
||
| 999 |
_c550179 _d550179 |
||